[Event "Titled Tuesday 2021.03.16"]
[Site "Chess.com INT"]
[Date "2021.03.16"]
[Round "7"]
[White "Golubka, Petro"]
[Black "Bodnar, Nikolay"]
[Result "0-1"]
[WhiteElo "2452"]
[BlackElo "2434"]
[WhiteFideId "-1"]
[BlackFideId "-1"]
[PlyCount "96"]
[GameId "1628912098574336"]
[EventDate "2021.03.16"]
[EventType "swiss (blitz)"]
[EventRounds "11"]
[EventCountry "NET"]
[SourceTitle "CBM 201 Extra"]
[Source "ChessBase"]
[SourceDate "2021.05.31"]
[SourceVersion "1"]
[SourceVersionDate "2021.05.31"]
[SourceQuality "1"]

1. d4 Nf6 2. Nf3 b6 3. c4 e6 4. Nc3 Bb7 5. a3 d5 6. Bg5 Be7 7. e3 O-O 8. Rc1 a6 9. Bd3 Nbd7 10. O-O Ne4 11. Bxe7 Qxe7 12. Bxe4 dxe4 13. Nd2 f5 14. b4 c5 15. bxc5 bxc5 16. Nb3 Rad8 17. Na5 Ba8 18. d5 Nf6 19. Qa4 exd5 20. cxd5 Nxd5 21. Nc6 Bxc6 22. Qxc6 Nxc3 23. Rxc3 Qd6 24. Rxc5 Rf6 25. Qxd6 Rdxd6 26. g3 h5 27. h4 Kh7 28. Rfc1 Kg6 29. R1c3 Rf7 30. Rc6 Rfd7 31. Kf1 Kf6 32. Ke2 Ke6 33. f3 exf3+ 34. Kxf3 g6 35. Kf4 Kf6 36. a4 Ke6 37. a5 Kf6 38. Rb6 Rxb6 39. axb6 a5 40. Rc6+ Kf7 41. Rc7 Ke7 42. b7 Rxc7 43. b8=Q Rc4+ 44. Kf3 Rg4 45. Qe5+ Kf7 46. Qxa5 Re4 47. Qd5+ Re6 48. Qe4 Rxe4 0-1

[Event "Titled Tuesday 2021.03.16"]
[Site "Chess.com INT"]
[Date "2021.03.16"]
[Round "9"]
[White "Prilleltensky, Matan"]
[Black "Golubka, Petro"]
[Result "0-1"]
[WhiteElo "2136"]
[BlackElo "2452"]
[WhiteFideId "-1"]
[BlackFideId "-1"]
[PlyCount "106"]
[GameId "1628912099655680"]
[EventDate "2021.03.16"]
[EventType "swiss (blitz)"]
[EventRounds "11"]
[EventCountry "NET"]
[SourceTitle "CBM 201 Extra"]
[Source "ChessBase"]
[SourceDate "2021.05.31"]
[SourceVersion "1"]
[SourceVersionDate "2021.05.31"]
[SourceQuality "1"]

1. c4 e5 2. Nc3 c6 3. Nf3 d6 4. d4 Nd7 5. e4 Be7 6. Be2 Ngf6 7. O-O O-O 8. Rb1 a6 9. b4 b5 10. cxb5 cxb5 11. h3 Bb7 12. Bd3 Rc8 13. Bb2 g6 14. Rc1 exd4 15. Nxd4 Ne5 16. Bb1 Nc4 17. Ba1 d5 18. exd5 Bxb4 19. Nf3 Ba3 20. Qd4 Bc5 21. Qh4 Nh5 22. Ne4 Qxh4 23. Nxh4 Be7 24. Nf3 Bxd5 25. Rfd1 Rfd8 26. Kf1 h6 27. g4 Nf4 28. Nf6+ Bxf6 29. Bxf6 Re8 30. Nd4 Bg2+ 31. Kg1 Bxh3 32. f3 h5 33. g5 h4 34. Be4 Bd7 35. Re1 a5 36. Kf2 b4 37. Rh1 h3 38. Rh2 Rxe4 39. fxe4 Nd3+ 40. Kg3 Nxc1 41. Nf3 Nd3 42. Ng1 Nd6 43. e5 Ne4+ 44. Kf3 Nxf6 45. gxf6 Nxe5+ 46. Ke4 Ng4 47. Rd2 Nxf6+ 48. Ke5 Kg7 49. Nf3 Re8+ 50. Kd6 Bg4 51. Nd4 Ne4+ 52. Kc7 Nxd2 53. Nc6 Nf3 0-1

[Event "Titled Tuesday 2021.03.16"]
[Site "Chess.com INT"]
[Date "2021.03.16"]
[Round "10"]
[White "Golubka, Petro"]
[Black "Shuvalov, Evgenij"]
[Result "1-0"]
[WhiteElo "2452"]
[BlackElo "2182"]
[WhiteFideId "-1"]
[BlackFideId "-1"]
[PlyCount "43"]
[GameId "1628912099794944"]
[EventDate "2021.03.16"]
[EventType "swiss (blitz)"]
[EventRounds "11"]
[EventCountry "NET"]
[SourceTitle "CBM 201 Extra"]
[Source "ChessBase"]
[SourceDate "2021.05.31"]
[SourceVersion "1"]
[SourceVersionDate "2021.05.31"]
[SourceQuality "1"]

1. e4 e6 2. c4 d5 3. Nc3 dxe4 4. Nxe4 c5 5. Nf3 Nc6 6. Be2 Nge7 7. Nxc5 Nf5 8. Nb3 a5 9. a4 Bb4 10. O-O e5 11. d3 O-O 12. Bd2 Be7 13. Bc3 Bf6 14. Re1 Re8 15. Bf1 b6 16. d4 exd4 17. Rxe8+ Qxe8 18. Nfxd4 Bd7 19. Nxf5 Bxf5 20. Bxf6 gxf6 21. Qf3 Rd8 22. Qxf5 1-0

[Event "Titled Tuesday 2021.03.16"]
[Site "Chess.com INT"]
[Date "2021.03.16"]
[Round "11"]
[White "Hamley, Ryan"]
[Black "Golubka, Petro"]
[Result "0-1"]
[WhiteElo "2039"]
[BlackElo "2452"]
[WhiteFideId "-1"]
[BlackFideId "-1"]
[PlyCount "70"]
[GameId "1628912100294656"]
[EventDate "2021.03.16"]
[EventType "swiss (blitz)"]
[EventRounds "11"]
[EventCountry "NET"]
[SourceTitle "CBM 201 Extra"]
[Source "ChessBase"]
[SourceDate "2021.05.31"]
[SourceVersion "1"]
[SourceVersionDate "2021.05.31"]
[SourceQuality "1"]

1. d4 Nf6 2. Nf3 h6 3. c4 e6 4. Nc3 Bb4 5. Qc2 d5 6. Bf4 O-O 7. e3 c5 8. dxc5 Nbd7 9. Be2 dxc4 10. O-O Nxc5 11. Bxc4 Bd7 12. Rfd1 Qa5 13. Ne2 Nce4 14. a3 Be7 15. b4 Qa4 16. Qb2 Rac8 17. Ne5 Bb5 18. Bb3 Qa6 19. Nd4 Ba4 20. Rdc1 Bxb3 21. Qxb3 Nd5 22. b5 Rxc1+ 23. Rxc1 Qxa3 24. Qxa3 Bxa3 25. Ra1 Bb2 26. Rxa7 Bxd4 27. exd4 Nxf4 28. Rxb7 Ne2+ 29. Kf1 Nxd4 30. b6 Rc8 31. g3 Nd6 32. Rd7 N4b5 33. Ke2 Rb8 34. Nc6 Rxb6 35. Ne7+ Kh7 0-1

[Event "Titled Tuesday 2021.03.09"]
[Site "Chess.com INT"]
[Date "2021.03.09"]
[Round "1"]
[White "Krzywda, Andrzej"]
[Black "Golubka, Petro"]
[Result "1/2-1/2"]
[WhiteElo "2115"]
[BlackElo "2452"]
[WhiteFideId "-1"]
[BlackFideId "-1"]
[PlyCount "124"]
[GameId "1626416125804544"]
[EventDate "2021.03.09"]
[EventType "swiss (blitz)"]
[EventRounds "11"]
[EventCountry "NET"]
[SourceTitle "CBM 201 Extra"]
[Source "ChessBase"]
[SourceDate "2021.05.31"]
[SourceVersion "1"]
[SourceVersionDate "2021.05.31"]
[SourceQuality "1"]

1. e4 c5 2. Nc3 d6 3. f4 a6 4. Nf3 b5 5. g3 b4 6. Ne2 Bb7 7. d3 f5 8. Bg2 Nh6 9. O-O g6 10. exf5 gxf5 11. d4 Nd7 12. dxc5 dxc5 13. Ng5 Bxg2 14. Kxg2 Qb6 15. Qd5 Rc8 16. Rd1 Nf6 17. Qf3 Nhg4 18. h3 h6 19. hxg4 hxg5 20. fxg5 fxg4 21. Qf5 Qc6+ 22. Kf2 Ne4+ 23. Ke3 Nxg5 24. Qd5 Nf3 25. Nf4 e5 26. Qe6+ Qxe6 27. Nxe6 Ke7 28. Nxf8 Rhxf8 29. Ke4 Ke6 30. Be3 Rfd8 31. Rh1 Rf8 32. Rh6+ Rf6 33. Rah1 Rcf8 34. Rxf6+ Rxf6 35. Rh8 c4 36. Ra8 Kf7 37. Ra7+ Kg6 38. Rc7 b3 39. cxb3 cxb3 40. axb3 Rd6 41. Ra7 Kf6 42. b4 Rc6 43. Bc5 Ke6 44. Rb7 Nd2+ 45. Kd3 Nb3 46. Kc4 Nd2+ 47. Kd3 Nf1 48. Ke4 Nxg3+ 49. Ke3 Nf5+ 50. Kf2 Kd5 51. Rd7+ Ke4 52. Rg7 Rg6 53. Rxg6 g3+ 54. Rxg3 Nxg3 55. Kxg3 Kd3 56. Kf2 e4 57. Ke1 Kc2 58. Ke2 Kxb2 59. Ke3 Kb3 60. Kxe4 Ka4 61. Kd5 a5 62. bxa5 Kxa5 1/2-1/2

[Event "Titled Tuesday 2021.03.09"]
[Site "Chess.com INT"]
[Date "2021.03.09"]
[Round "2"]
[White "Golubka, Petro"]
[Black "Loy, Konstantin"]
[Result "1-0"]
[WhiteElo "2452"]
[BlackElo "2268"]
[WhiteFideId "-1"]
[BlackFideId "-1"]
[PlyCount "59"]
[GameId "1626416126107648"]
[EventDate "2021.03.09"]
[EventType "swiss (blitz)"]
[EventRounds "11"]
[EventCountry "NET"]
[SourceTitle "CBM 201 Extra"]
[Source "ChessBase"]
[SourceDate "2021.05.31"]
[SourceVersion "1"]
[SourceVersionDate "2021.05.31"]
[SourceQuality "1"]

1. e4 c5 2. Nf3 d6 3. d4 cxd4 4. Nxd4 Nf6 5. Nc3 g6 6. h4 Nc6 7. Be2 Nxd4 8. Qxd4 Bg7 9. h5 Nxh5 10. Qd3 Nf6 11. Bd2 Be6 12. O-O-O O-O 13. Kb1 d5 14. e5 Ne4 15. Nxe4 dxe4 16. Qxe4 Qc7 17. Bc3 Rfd8 18. Qh4 Rxd1+ 19. Bxd1 h6 20. Qg3 Rd8 21. Be2 Rd5 22. f4 b5 23. Qe3 Bf5 24. g4 b4 25. gxf5 bxc3 26. fxg6 cxb2 27. gxf7+ Kxf7 28. Rg1 Qc5 29. Qg3 Bxe5 30. Qg6+ 1-0

[Event "Titled Tuesday 2021.03.09"]
[Site "Chess.com INT"]
[Date "2021.03.09"]
[Round "3"]
[White "Polok, Kacper"]
[Black "Golubka, Petro"]
[Result "1-0"]
[WhiteElo "2272"]
[BlackElo "2452"]
[WhiteFideId "-1"]
[BlackFideId "-1"]
[PlyCount "83"]
[GameId "1626416127291392"]
[EventDate "2021.03.09"]
[EventType "swiss (blitz)"]
[EventRounds "11"]
[EventCountry "NET"]
[SourceTitle "CBM 201 Extra"]
[Source "ChessBase"]
[SourceDate "2021.05.31"]
[SourceVersion "1"]
[SourceVersionDate "2021.05.31"]
[SourceQuality "1"]

1. e4 c5 2. Nc3 a6 3. g3 b5 4. Bg2 b4 5. Nd5 e6 6. Ne3 Bb7 7. d3 h5 8. b3 h4 9. Bb2 Nc6 10. Qd2 a5 11. Ne2 h3 12. Bf1 a4 13. bxa4 Rxa4 14. Nf4 Qa8 15. Bxh3 e5 16. Nfd5 Kd8 17. Bxd7 Bd6 18. O-O Qa7 19. Bxc6 Bxc6 20. Nc4 Qb8 21. Qg5+ Kd7 22. Bxe5 Rh6 23. Bxd6 Rxd6 24. Nxd6 Qxd6 25. Nb6+ Ke8 26. Nxa4 Bxa4 27. Qxg7 Ne7 28. a3 b3 29. cxb3 Bc6 30. Qh8+ Kd7 31. Rfd1 Qe6 32. Rac1 Qxb3 33. d4 c4 34. d5 Ba4 35. Qd4 Ng6 36. e5 Bb5 37. e6+ Ke7 38. d6+ Kxe6 39. d7 Ne5 40. Re1 f6 41. d8=Q Bc6 42. Q4d6+ 1-0

[Event "Titled Tuesday 2021.03.09"]
[Site "Chess.com INT"]
[Date "2021.03.09"]
[Round "4"]
[White "Golubka, Petro"]
[Black "Gracia Alvarez, Gerardo Antonio"]
[Result "1-0"]
[WhiteElo "2452"]
[BlackElo "2308"]
[WhiteFideId "-1"]
[BlackFideId "-1"]
[PlyCount "127"]
[GameId "1626416128970752"]
[EventDate "2021.03.09"]
[EventType "swiss (blitz)"]
[EventRounds "11"]
[EventCountry "NET"]
[SourceTitle "CBM 201 Extra"]
[Source "ChessBase"]
[SourceDate "2021.05.31"]
[SourceVersion "1"]
[SourceVersionDate "2021.05.31"]
[SourceQuality "1"]

1. e4 c5 2. Nf3 Nc6 3. d4 cxd4 4. Nxd4 g6 5. Nb3 Bg7 6. h4 h6 7. f4 h5 8. Be2 d6 9. c3 Nf6 10. Bf3 Qb6 11. Na3 Ng4 12. Qe2 Be6 13. Bd2 a5 14. Rb1 a4 15. Nc1 Rc8 16. g3 O-O 17. Rf1 Rfd8 18. Qb5 Qa7 19. Qe2 d5 20. e5 Bf5 21. Nd3 d4 22. c4 f6 23. e6 Rd6 24. Nb5 Qb8 25. Nxd6 Qxd6 26. Bd5 Nd8 27. Bb4 Qc7 28. Kd2 Kh7 29. Rbc1 Nc6 30. Ba3 Ne3 31. Ke1 Bg4 32. Rf3 Nd8 33. Kf2 Nxe6 34. Bxe6 Bxe6 35. Rxe3 dxe3+ 36. Qxe3 Bf5 37. Nc5 e5 38. Nxa4 exf4 39. gxf4 Bh6 40. Kg3 Qd7 41. Nb6 Re8 42. Nxd7 Rxe3+ 43. Kf2 Bxf4 44. Nxf6+ Kg7 45. Nd5 Rf3+ 46. Kxf3 Bxc1 47. Ne3 Bxe3 48. Kxe3 Be6 49. b3 g5 50. Bb2+ Kg6 51. hxg5 Kxg5 52. Kd4 h4 53. Kc5 Kf5 54. Bd4 h3 55. Bg1 Bd7 56. Bh2 Bc6 57. a4 Ke4 58. a5 Be8 59. b4 Kd3 60. b5 Bf7 61. a6 bxa6 62. bxa6 Bxc4 63. a7 Bd5 64. Kxd5 1-0

[Event "Titled Tuesday 2021.03.09"]
[Site "Chess.com INT"]
[Date "2021.03.09"]
[Round "5"]
[White "Golubka, Petro"]
[Black "Brunner, Nicolas"]
[Result "0-1"]
[WhiteElo "2452"]
[BlackElo "2418"]
[WhiteFideId "-1"]
[BlackFideId "-1"]
[PlyCount "96"]
[GameId "1626416129892352"]
[EventDate "2021.03.09"]
[EventType "swiss (blitz)"]
[EventRounds "11"]
[EventCountry "NET"]
[SourceTitle "CBM 201 Extra"]
[Source "ChessBase"]
[SourceDate "2021.05.31"]
[SourceVersion "1"]
[SourceVersionDate "2021.05.31"]
[SourceQuality "1"]

1. e4 c5 2. Nf3 e6 3. Nc3 Nc6 4. d4 cxd4 5. Nxd4 Qc7 6. Ndb5 Qb8 7. f4 a6 8. Nd4 Qc7 9. a3 b5 10. Be3 Bb7 11. Qd2 Nf6 12. e5 Ng4 13. Bg1 Na5 14. h3 Nh6 15. Rh2 f6 16. exf6 gxf6 17. g4 Rc8 18. Be3 Nf7 19. Kd1 Nd6 20. Qe1 Ndc4 21. Bc1 Be7 22. b3 Nxa3 23. Rxa3 b4 24. Rxa5 Qxa5 25. Na4 O-O 26. Bd3 e5 27. Bb2 Bd8 28. Nf5 Bf3+ 29. Kc1 e4 30. Bxe4 Re8 31. Re2 Bxe2 32. Qxe2 Kf8 33. Qd3 d5 34. Bxd5 Qc7 35. Bd4 Qxf4+ 36. Kb2 Re1 37. Be3 Qe5+ 38. Bd4 Qf4 39. Ne3 Bc7 40. Ka2 Be5 41. Qxh7 Rc7 42. Qg8+ Ke7 43. Nf5+ Qxf5 44. gxf5 Bxd4 45. Nb2 Rxc2 46. Qf7+ Kd6 47. Qf8+ Kxd5 48. Qa8+ Kd6 0-1

[Event "Titled Tuesday 2021.03.09"]
[Site "Chess.com INT"]
[Date "2021.03.09"]
[Round "6"]
[White "Shtyka, Sergey"]
[Black "Golubka, Petro"]
[Result "0-1"]
[WhiteElo "2175"]
[BlackElo "2452"]
[WhiteFideId "-1"]
[BlackFideId "-1"]
[PlyCount "68"]
[GameId "1626416130269184"]
[EventDate "2021.03.09"]
[EventType "swiss (blitz)"]
[EventRounds "11"]
[EventCountry "NET"]
[SourceTitle "CBM 201 Extra"]
[Source "ChessBase"]
[SourceDate "2021.05.31"]
[SourceVersion "1"]
[SourceVersionDate "2021.05.31"]
[SourceQuality "1"]

1. e4 c5 2. Nf3 d6 3. d4 cxd4 4. Nxd4 Nf6 5. Nc3 a6 6. Bc4 e6 7. O-O Be7 8. Be3 O-O 9. f4 b5 10. Bd3 Bb7 11. a3 Nbd7 12. Qf3 Rc8 13. Rae1 Rxc3 14. bxc3 Nc5 15. Bf2 g6 16. c4 bxc4 17. Bxc4 Ncxe4 18. Qh3 Qc7 19. Bxe6 Nxf2 20. Rxf2 Ne4 21. Rfe2 d5 22. Rxe4 dxe4 23. Bb3 Bc5 24. c3 Qxf4 25. Kh1 Bc8 26. Qe3 Qxe3 27. Rxe3 Bb7 28. a4 Kh8 29. g4 f5 30. gxf5 gxf5 31. Re1 Rf6 32. Ne6 Bb6 33. h4 f4 34. Kh2 f3 0-1

[Event "Titled Tuesday 2021.03.09"]
[Site "Chess.com INT"]
[Date "2021.03.09"]
[Round "7"]
[White "Golubka, Petro"]
[Black "Benitez Lozano, Javier"]
[Result "1/2-1/2"]
[WhiteElo "2452"]
[BlackElo "2367"]
[WhiteFideId "-1"]
[BlackFideId "-1"]
[PlyCount "81"]
[GameId "1626416131280896"]
[EventDate "2021.03.09"]
[EventType "swiss (blitz)"]
[EventRounds "11"]
[EventCountry "NET"]
[SourceTitle "CBM 201 Extra"]
[Source "ChessBase"]
[SourceDate "2021.05.31"]
[SourceVersion "1"]
[SourceVersionDate "2021.05.31"]
[SourceQuality "1"]

1. e4 c5 2. Nf3 e6 3. Nc3 a6 4. d4 cxd4 5. Nxd4 b5 6. Be3 Bb7 7. Bd3 d6 8. Qd2 Nf6 9. f3 Nbd7 10. g4 Nb6 11. a4 Nc4 12. Bxc4 bxc4 13. a5 Be7 14. Na4 O-O 15. Nb6 Rb8 16. O-O Nd7 17. Nxc4 d5 18. exd5 Bxd5 19. b3 Bxc4 20. bxc4 Qc7 21. Qe2 Rbc8 22. Rfd1 Nf6 23. Ra2 Qxc4 24. Qxc4 Rxc4 25. Bf2 Nd5 26. Rb2 Bf6 27. Kf1 Rfc8 28. Rb7 Bxd4 29. Rxd4 Rxc2 30. Ra7 R2c6 31. Rd2 h6 32. h4 g5 33. hxg5 hxg5 34. Bd4 Rc1+ 35. Kf2 R8c2 36. Ra8+ Kh7 37. Rh8+ Kg6 38. Rg8+ Kh7 39. Rh8+ Kg6 40. Rg8+ Kh7 41. Rh8+ 1/2-1/2

[Event "Titled Tuesday 2021.03.09"]
[Site "Chess.com INT"]
[Date "2021.03.09"]
[Round "8"]
[White "Ortega Amarelle, Mariano"]
[Black "Golubka, Petro"]
[Result "1-0"]
[WhiteElo "2463"]
[BlackElo "2452"]
[WhiteFideId "-1"]
[BlackFideId "-1"]
[PlyCount "105"]
[GameId "1626416132501504"]
[EventDate "2021.03.09"]
[EventType "swiss (blitz)"]
[EventRounds "11"]
[EventCountry "NET"]
[SourceTitle "CBM 201 Extra"]
[Source "ChessBase"]
[SourceDate "2021.05.31"]
[SourceVersion "1"]
[SourceVersionDate "2021.05.31"]
[SourceQuality "1"]

1. e4 c5 2. Nf3 d6 3. Bc4 a6 4. c3 Nf6 5. d3 e6 6. Bb3 Nc6 7. O-O Be7 8. Nbd2 O-O 9. Re1 b5 10. Nf1 e5 11. Ng3 Na5 12. Bc2 Re8 13. d4 Qc7 14. d5 Nc4 15. b3 Nb6 16. h3 Bd7 17. Kh2 a5 18. Ne2 a4 19. b4 Rac8 20. Bd3 Nbxd5 21. exd5 e4 22. bxc5 exf3 23. c6 fxe2 24. Rxe2 Bxc6 25. dxc6 d5+ 26. Kg1 Qxc6 27. Rb1 Rb8 28. Bf4 Rb7 29. Be5 Nd7 30. Bd4 g6 31. Reb2 b4 32. cxb4 Bf6 33. b5 Qd6 34. Bxf6 Nxf6 35. b6 Ra8 36. Rb5 h5 37. Qd2 Kg7 38. Qb4 Qe6 39. Qd4 a3 40. R5b3 Qd6 41. Be2 Ra5 42. Bf3 g5 43. g3 Qe6 44. h4 g4 45. Bg2 Qf5 46. Rb5 Qc2 47. Bxd5 Rxb5 48. Rxb5 Qc1+ 49. Kg2 Rd7 50. b7 Rxd5 51. Rxd5 Qc7 52. Rg5+ Kh6 53. Qxf6+ 1-0

[Event "Titled Tuesday 2021.03.09"]
[Site "Chess.com INT"]
[Date "2021.03.09"]
[Round "10"]
[White "Kislov, Oleg"]
[Black "Golubka, Petro"]
[Result "1-0"]
[WhiteElo "2249"]
[BlackElo "2452"]
[WhiteFideId "-1"]
[BlackFideId "-1"]
[PlyCount "79"]
[GameId "1626416133779456"]
[EventDate "2021.03.09"]
[EventType "swiss (blitz)"]
[EventRounds "11"]
[EventCountry "NET"]
[SourceTitle "CBM 201 Extra"]
[Source "ChessBase"]
[SourceDate "2021.05.31"]
[SourceVersion "1"]
[SourceVersionDate "2021.05.31"]
[SourceQuality "1"]

1. d4 f5 2. Nc3 e6 3. e4 Bb4 4. exf5 Nf6 5. fxe6 O-O 6. Nf3 d5 7. Be2 Ne4 8. Bd2 Bxc3 9. bxc3 Bxe6 10. O-O Nc6 11. Ne5 Nxe5 12. dxe5 Qe7 13. f4 Qc5+ 14. Kh1 Nf2+ 15. Rxf2 Qxf2 16. Bf3 c6 17. Rb1 b5 18. Qe1 Qxe1+ 19. Rxe1 g6 20. g4 a5 21. Kg2 c5 22. h4 b4 23. c4 dxc4 24. Bxa8 Rxa8 25. Be3 Rc8 26. Kg3 c3 27. h5 a4 28. hxg6 hxg6 29. Ra1 a3 30. Kh4 Kf7 31. Kg5 Bd5 32. f5 Be4 33. e6+ Ke7 34. Kxg6 Rg8+ 35. Kh5 Rc8 36. Rd1 Bxc2 37. Bg5+ Ke8 38. Rd7 b3 39. Rh7 Kf8 40. Bf6 1-0

[Event "Titled Tuesday 2021.03.09"]
[Site "Chess.com INT"]
[Date "2021.03.09"]
[Round "11"]
[White "Golubka, Petro"]
[Black "Hamley, Ryan"]
[Result "1-0"]
[WhiteElo "2452"]
[BlackElo "2039"]
[WhiteFideId "-1"]
[BlackFideId "-1"]
[PlyCount "51"]
[GameId "1626416134508544"]
[EventDate "2021.03.09"]
[EventType "swiss (blitz)"]
[EventRounds "11"]
[EventCountry "NET"]
[SourceTitle "CBM 201 Extra"]
[Source "ChessBase"]
[SourceDate "2021.05.31"]
[SourceVersion "1"]
[SourceVersionDate "2021.05.31"]
[SourceQuality "1"]

1. e4 c6 2. d4 d5 3. e5 Bf5 4. Nc3 e6 5. g4 Bg6 6. Nge2 c5 7. h4 h5 8. Nf4 Bh7 9. Nxh5 Nc6 10. Bb5 Qb6 11. Be3 Rc8 12. dxc5 Bxc5 13. Bxc5 Qxc5 14. Rh3 d4 15. Bxc6+ Rxc6 16. Ne2 Qa5+ 17. Kf1 Bxc2 18. Qxd4 Ne7 19. Nxg7+ Kf8 20. Nh5 Nd5 21. Ra3 Qb5 22. Rc1 Rc4 23. Qxa7 Qxb2 24. Qb8+ Ke7 25. Qd6+ Ke8 26. Ng7# 1-0

[Event "Titled Tuesday 2021.03.02"]
[Site "Chess.com INT"]
[Date "2021.03.02"]
[Round "3"]
[White "Golubka, Petro"]
[Black "Novikov, Evgenij"]
[Result "1/2-1/2"]
[WhiteElo "2452"]
[BlackElo "2276"]
[WhiteFideId "-1"]
[BlackFideId "-1"]
[PlyCount "85"]
[GameId "1623853756391424"]
[EventDate "2021.03.02"]
[EventType "swiss (blitz)"]
[EventRounds "11"]
[EventCountry "NET"]
[SourceTitle "CBM 201 Extra"]
[Source "ChessBase"]
[SourceDate "2021.05.31"]
[SourceVersion "1"]
[SourceVersionDate "2021.05.31"]
[SourceQuality "1"]

1. d4 d5 2. Nf3 Nf6 3. g3 e6 4. Bg2 Be7 5. O-O O-O 6. Nbd2 b6 7. c4 Bb7 8. cxd5 exd5 9. Ne5 c5 10. Ndf3 Nc6 11. Nxc6 Bxc6 12. b3 Rc8 13. Bb2 c4 14. Ne5 b5 15. bxc4 bxc4 16. Nxc6 Rxc6 17. Bc3 Qd6 18. Qa4 Ra6 19. Qc2 Rb8 20. f3 Qa3 21. e4 Bb4 22. Bb2 Qe3+ 23. Kh1 c3 24. Bc1 Qxd4 25. Bf4 Rd8 26. Rfd1 Qc5 27. Qd3 Ra3 28. Be3 d4 29. Bxd4 c2 30. Bxc5 cxd1=Q+ 31. Qxd1 Rxd1+ 32. Rxd1 Bxc5 33. Rd8+ Bf8 34. e5 Rxa2 35. Bh3 Nh5 36. e6 Ra1+ 37. Kg2 Re1 38. Kf2 Rxe6 39. Bxe6 fxe6 40. Ra8 Nf6 41. Kg2 Kf7 42. Rxa7+ Kg6 43. Ra6 1/2-1/2

[Event "Titled Tuesday 2021.03.02"]
[Site "Chess.com INT"]
[Date "2021.03.02"]
[Round "4"]
[White "Belous, Mikhail"]
[Black "Golubka, Petro"]
[Result "1-0"]
[WhiteElo "2362"]
[BlackElo "2452"]
[WhiteFideId "-1"]
[BlackFideId "-1"]
[PlyCount "43"]
[GameId "1623853757022208"]
[EventDate "2021.03.02"]
[EventType "swiss (blitz)"]
[EventRounds "11"]
[EventCountry "NET"]
[SourceTitle "CBM 201 Extra"]
[Source "ChessBase"]
[SourceDate "2021.05.31"]
[SourceVersion "1"]
[SourceVersionDate "2021.05.31"]
[SourceQuality "1"]

1. d4 d5 2. c4 e6 3. Nc3 Bb4 4. Nf3 dxc4 5. e3 b5 6. Bd2 c6 7. a4 Bxc3 8. Bxc3 a5 9. d5 Nf6 10. dxc6 Qxd1+ 11. Rxd1 Nxc6 12. axb5 Nb4 13. Bxc4 Bb7 14. Bxb4 axb4 15. Nd4 Bxg2 16. Rg1 Be4 17. Rxg7 Bg6 18. b6 Rb8 19. Nc6 Kf8 20. Rxg6 Rxb6 21. Rxf6 Rxc6 22. b3 1-0

[Event "Titled Tuesday 2021.03.02"]
[Site "Chess.com INT"]
[Date "2021.03.02"]
[Round "5"]
[White "Golubka, Petro"]
[Black "Organdziev, Oliver"]
[Result "1-0"]
[WhiteElo "2452"]
[BlackElo "2276"]
[WhiteFideId "-1"]
[BlackFideId "-1"]
[PlyCount "83"]
[GameId "1623853758365696"]
[EventDate "2021.03.02"]
[EventType "swiss (blitz)"]
[EventRounds "11"]
[EventCountry "NET"]
[SourceTitle "CBM 201 Extra"]
[Source "ChessBase"]
[SourceDate "2021.05.31"]
[SourceVersion "1"]
[SourceVersionDate "2021.05.31"]
[SourceQuality "1"]

1. d4 d5 2. Nf3 Bf5 3. Nh4 Bd7 4. g3 c6 5. Bg2 h6 6. Qd3 Qc8 7. e4 Bh3 8. O-O Bxg2 9. Kxg2 dxe4 10. Qxe4 Nf6 11. Qd3 e6 12. f4 Qd8 13. f5 Qd5+ 14. Kg1 c5 15. fxe6 Qxd4+ 16. Be3 Qxd3 17. cxd3 Nc6 18. Nc3 fxe6 19. Ng6 Rg8 20. Nxf8 Rxf8 21. Bxc5 Rf7 22. Nb5 b6 23. Nd6+ Kf8 24. Nxf7+ bxc5 25. Nd6 Rd8 26. Ne4 Rxd3 27. Nxc5 Rd2 28. Rf2 Rd6 29. Ne4 Rd4 30. Nxf6 gxf6 31. Rxf6+ Ke7 32. Rf2 Ne5 33. Re1 Kd6 34. Rfe2 Nf3+ 35. Kf2 Nxe1 36. Kxe1 h5 37. Rd2 Kd5 38. Ke2 Ke4 39. Rxd4+ Kxd4 40. b4 Kc4 41. h4 Kxb4 42. g4 1-0

[Event "Titled Tuesday 2021.03.02"]
[Site "Chess.com INT"]
[Date "2021.03.02"]
[Round "6"]
[White "Oliveira, Silvio Eduardo"]
[Black "Golubka, Petro"]
[Result "0-1"]
[WhiteElo "2321"]
[BlackElo "2452"]
[WhiteFideId "-1"]
[BlackFideId "-1"]
[PlyCount "82"]
[GameId "1623853759590400"]
[EventDate "2021.03.02"]
[EventType "swiss (blitz)"]
[EventRounds "11"]
[EventCountry "NET"]
[SourceTitle "CBM 201 Extra"]
[Source "ChessBase"]
[SourceDate "2021.05.31"]
[SourceVersion "1"]
[SourceVersionDate "2021.05.31"]
[SourceQuality "1"]

1. e4 c5 2. Nf3 d6 3. d4 cxd4 4. Nxd4 Nf6 5. Nc3 a6 6. f3 e5 7. Nb3 Be6 8. Be3 Nbd7 9. Qd2 Rc8 10. g4 b5 11. g5 Nh5 12. a4 b4 13. Nd5 Bxd5 14. exd5 a5 15. Bb5 Be7 16. O-O-O O-O 17. Rhg1 g6 18. Kb1 Ng7 19. Nxa5 Qxa5 20. Bxd7 Rc7 21. Bc6 Nf5 22. Bf2 Rfc8 23. Rg4 Rxc6 24. dxc6 Qxa4 25. b3 Qxc6 26. Rc4 Qa8 27. Rxc8+ Qxc8 28. f4 e4 29. Bd4 d5 30. Bf6 Bxf6 31. gxf6 d4 32. Qxb4 Qe8 33. Rxd4 Nxd4 34. Qxd4 e3 35. Qd1 e2 36. Qe1 Qe3 37. Kb2 Qd4+ 38. Kc1 Qxf4+ 39. Kb2 Qxf6+ 40. Kc1 Qf4+ 41. Kb1 Qf1 0-1

[Event "Titled Tuesday 2021.03.02"]
[Site "Chess.com INT"]
[Date "2021.03.02"]
[Round "7"]
[White "Golubka, Petro"]
[Black "Hebden, Mark"]
[Result "1-0"]
[WhiteElo "2452"]
[BlackElo "2453"]
[WhiteFideId "-1"]
[BlackFideId "-1"]
[PlyCount "81"]
[GameId "1623853760458752"]
[EventDate "2021.03.02"]
[EventType "swiss (blitz)"]
[EventRounds "11"]
[EventCountry "NET"]
[SourceTitle "CBM 201 Extra"]
[Source "ChessBase"]
[SourceDate "2021.05.31"]
[SourceVersion "1"]
[SourceVersionDate "2021.05.31"]
[SourceQuality "1"]

1. d4 Nf6 2. Nf3 g6 3. g3 Bg7 4. Bg2 O-O 5. O-O d6 6. Nc3 Nbd7 7. e4 e5 8. a4 a5 9. Re1 b6 10. h3 Bb7 11. d5 Nc5 12. Nh2 c6 13. dxc6 Bxc6 14. Ng4 Nxg4 15. hxg4 Rc8 16. Be3 Ne6 17. Qd2 Nd4 18. Rad1 Qd7 19. g5 Qg4 20. Qd3 Rfd8 21. b3 Nf3+ 22. Bxf3 Qxf3 23. Bxb6 Qxd3 24. Rxd3 Rd7 25. Bxa5 h6 26. gxh6 Bxh6 27. Bb4 f5 28. Rxd6 Rxd6 29. Bxd6 Bd2 30. Re3 Bxe3 31. fxe3 Bxe4 32. Nxe4 fxe4 33. c4 Kf7 34. c5 Ke6 35. b4 Ra8 36. a5 Kd5 37. Kg2 Kc6 38. Kh3 Rh8+ 39. Kg4 Rh2 40. a6 Ra2 41. Bxe5 1-0